00762cam a2200217 a 450000100100000000500170001000800410002704000250006804100370009308200200013010000290015024500920017924600410027125000180031226000440033030000280037465000300040265000420043270000290047474000410050300001828220200929165433.0890919s1987 pr a 000 p spa d aDO-SdBNPbspacBNPHU17aspaeng2Código de idiomas MARC aPR861.44bC117c1 aCabrera, José Antonio,13aLa cabellera del maestro /cJosé Antonio Cabrera ; traducción de José Abad Ramos.11aOn the visions of the Master´s Hair aEd. bilingue. aSan Juan, Puerto Rico :bYaurel,c1987. a233 p. :bil. ;c24 cm. 4aPoesía puertorriqueña 4aLiteratura puertorriqueñaySIGLO XX1 aAbad Ramos, José,etr.0 aOn the visions of the Master´s Hair